[Event "Berlin Maccabi op"]
[Site "Berlin"]
[Date "2015.08.03"]
[Round "6"]
[White "Rosenfeld, Elisabeth"]
[Black "Weinman, Samuel"]
[Result "1-0"]
[WhiteElo "1694"]
[BlackElo "1640"]
[PlyCount "107"]
[EventDate "2015.07.29"]
[EventType "swiss"]
[EventRounds "7"]
[EventCountry "GER"]
[SourceTitle "CBM 167 Extra"]
[Source "ChessBase"]
[SourceDate "2015.09.14"]
[SourceVersion "1"]
[SourceVersionDate "2015.09.14"]
[SourceQuality "1"]

1. e4 c5 2. Nf3 d6 3. d4 cxd4 4. Nxd4 Nf6 5. Nc3 a6 6. Be3 e5 7. Nb3 Ng4 8. Qd2 Nxe3 9. Qxe3 Be7 10. Nd5 Nd7 11. Bc4 Bg5 12. Qe2 b5 13. Bd3 0-0 14. 0-0 Nb6 15. c4 bxc4 16. Bxc4 Nxc4 17. Qxc4 Bb7 18. Rad1 Rc8 19. Qd3 Bxd5 20. Qxd5 Be7 21. Rc1 Qd7 22. Rfd1 Rxc1 23. Rxc1 Rc8 24. h3 Rxc1+ 25. Nxc1 Qc8 26. Nd3 h6 27. b3 Qb8 28. Qc6 Qb5 29. Qxb5 axb5 30. Nb4 Bg5 31. Nd5 Bd2 32. b4 g6 33. Kf1 Kf8 34. Ke2 Bc1 35. Kd1 Ba3 36. Kc2 f5 37. f3 Kf7 38. Kb3 Bc1 39. Nc7 fxe4 40. fxe4 Kf6 41. Nxb5 d5 42. exd5 Kf5 43. Kc2 Bg5 44. Nd6+ Kf4 45. Nf7 Kg3 46. Nxg5 hxg5 47. d6 e4 48. d7 Kf2 49. d8Q e3 50. Qd3 e2 51. Qf3+ Ke1 52. Kd3 Kd1 53. Qxe2+ Kc1 54. Qc2# 1-0

[Event "Berlin Maccabi op"]
[Site "Berlin"]
[Date "2015.07.30"]
[Round "3"]
[White "Waranch, Samuel"]
[Black "Rosenfeld, Elisabeth"]
[Result "1/2-1/2"]
[WhiteElo "1713"]
[BlackElo "1694"]
[PlyCount "116"]
[EventDate "2015.07.29"]
[EventType "swiss"]
[EventRounds "7"]
[EventCountry "GER"]
[SourceTitle "CBM 167 Extra"]
[Source "ChessBase"]
[SourceDate "2015.09.14"]
[SourceVersion "1"]
[SourceVersionDate "2015.09.14"]
[SourceQuality "1"]

1. e4 e5 2. Nf3 Nc6 3. Bb5 d6 4. 0-0 Nf6 5. Re1 Bg4 6. c3 a6 7. Ba4 Be7 8. h3 Bxf3 9. Qxf3 0-0 10. d3 Qd7 11. Be3 Rad8 12. c4 Qe6 13. Nc3 Nd4 14. Bxd4 exd4 15. Nd5 c6 16. b4 Nd7 17. Nxe7+ Qxe7 18. Rac1 Ne5 19. Qg3 Qd7 20. f4 Ng6 21. f5 Ne5 22. f6 g6 23. Qh4 Kh8 24. Red1 Rg8 25. c5 Qe6 26. Bb3 Qe8 27. Bc4 Nxc4 28. Rxc4 Qe5 29. cxd6 Rxd6 30. Rf1 b6 31. a4 g5 32. Qh6 Qg3 33. Rf3 Qh4 34. Qxh4 gxh4 35. Rf4 Rc8 36. e5 Re6 37. Rcxd4 Kg8 38. Rfe4 Kf8 39. Rd6 Rce8 40. Rxe6 Rxe6 41. d4 Ke8 42. a5 bxa5 43. bxa5 Kd7 44. Rxh4 Re8 45. Rxh7 Ke6 46. h4 Rd8 47. g4 Rxd4 48. Rg7 Kxe5 49. g5 Rxh4 50. Rxf7 Rg4+ 51. Kh2 Rxg5 52. Rc7 Rf5 53. f7 Rf6 54. Rxc6 Rxf7 55. Rxa6 Rf2+ 56. Kg3 Ra2 57. Ra8 Kd6 58. a6 Kc7 1/2-1/2

[Event "GER-chT Lands U21"]
[Site "Xanten"]
[Date "2011.11.02"]
[Round "6.5"]
[White "Bauer, Bjoern Benny"]
[Black "Rosenfeld, Elisabeth"]
[Result "1-0"]
[WhiteElo "1989"]
[BlackElo "1663"]
[PlyCount "39"]
[EventDate "2011.10.31"]
[EventType "team-swiss"]
[EventRounds "7"]
[EventCountry "GER"]
[SourceTitle "EXT 2022"]
[Source "ChessBase"]
[SourceDate "2021.10.06"]
[SourceVersion "1"]
[SourceVersionDate "2021.10.06"]
[SourceQuality "1"]
[WhiteTeam "Rheinland Pfalz U21"]
[BlackTeam "Nordrhein Westfalen U21 II"]
[WhiteTeamCountry "GER"]
[BlackTeamCountry "GER"]

1. e4 c5 2. c3 Nc6 3. d4 cxd4 4. cxd4 Nf6 5. Nc3 d6 6. Nf3 Bg4 7. Be2 e5 8. d5 Bxf3 9. Bxf3 Ne7 10. Bg5 Nd7 11. 0-0 Qb6 12. Qa4 f5 13. Be3 Qa6 14. Qb3 Nc5 15. Bxc5 dxc5 16. Nb5 Rc8 17. d6 c4 18. Qb4 Ng6 19. Nc7+ Rxc7 20. dxc7 1-0

[Event "GER-ch U16 Girls"]
[Site "Oberhof"]
[Date "2010.05.25"]
[Round "4"]
[White "Mueller, Laura Margarita"]
[Black "Rosenfeld, Elisabeth"]
[Result "1/2-1/2"]
[WhiteElo "1544"]
[BlackElo "1601"]
[PlyCount "30"]
[EventDate "2010.05.22"]
[EventType "swiss"]
[EventRounds "9"]
[EventCountry "GER"]
[SourceTitle "CBM 136 Extra"]
[Source "ChessBase"]
[SourceDate "2010.07.02"]
[SourceVersion "2"]
[SourceVersionDate "2010.07.15"]
[SourceQuality "1"]

1. d4 d5 2. c4 c6 3. Nf3 Nf6 4. cxd5 cxd5 5. Bf4 Nc6 6. e3 Nh5 7. Bg5 h6 8. Bh4 g5 9. Bg3 Nxg3 10. hxg3 Bg7 11. Nc3 e6 12. Bd3 Qb6 13. Rb1 Bd7 14. a3 0-0-0 15. 0-0 Kb8 1/2-1/2

[Event "GER-ch U16 Girls"]
[Site "Oberhof"]
[Date "2010.05.23"]
[Round "2"]
[White "Rosenfeld, Elisabeth"]
[Black "Reck, Jessica"]
[Result "1-0"]
[WhiteElo "1601"]
[BlackElo "1296"]
[PlyCount "69"]
[EventDate "2010.05.22"]
[EventType "swiss"]
[EventRounds "9"]
[EventCountry "GER"]
[SourceTitle "CBM 136 Extra"]
[Source "ChessBase"]
[SourceDate "2010.07.02"]
[SourceVersion "2"]
[SourceVersionDate "2010.07.15"]
[SourceQuality "1"]

1. e4 e6 2. d4 d5 3. Nc3 c5 4. Nf3 Nc6 5. dxc5 Nf6 6. exd5 Nxd5 7. Nxd5 Qxd5 8. Qxd5 exd5 9. Be3 Bg4 10. Bb5 Bxf3 11. gxf3 Rd8 12. 0-0-0 Be7 13. Rhg1 0-0 14. c3 Ne5 15. Bd4 f6 16. Rge1 Ng6 17. Ba4 Rc8 18. Bd7 Rcd8 19. Be6+ Kh8 20. Be3 f5 21. f4 Bh4 22. Bxd5 Bxf2 23. Bxf2 Nxf4 24. Bc4 Rxd1+ 25. Rxd1 Ng6 26. Rd7 Ne5 27. Rd4 Ng4 28. Bg3 g6 29. h3 Nf6 30. Be5 Kg7 31. Rd6 a6 32. Rb6 f4 33. Rxb7+ Kh6 34. Bxf4+ g5 35. Be5 1-0

[Event "NRW-ch U14 Girls"]
[Site "Kranenburg"]
[Date "2009.04.18"]
[Round "7"]
[White "Schrader, Elanor"]
[Black "Rosenfeld, Elisabeth"]
[Result "1/2-1/2"]
[WhiteElo "1356"]
[BlackElo "1377"]
[PlyCount "141"]
[EventDate "2009.04.13"]
[EventType "swiss"]
[EventRounds "7"]
[EventCountry "GER"]
[SourceTitle "EXT 2010"]
[Source "ChessBase"]
[SourceDate "2010.11.25"]
[SourceVersion "1"]
[SourceVersionDate "2010.11.25"]
[SourceQuality "1"]

1. e4 e5 2. Nf3 Nf6 3. d4 d6 4. dxe5 Nxe4 5. Bc4 Nc5 6. 0-0 Be6 7. Bxe6 Nxe6 8. exd6 Bxd6 9. Re1 0-0 10. Nc3 Nc6 11. b3 Qd7 12. Bb2 Rad8 13. Ne4 Bf4 14. Qxd7 Rxd7 15. Rad1 Rxd1 16. Rxd1 Rd8 17. Rxd8+ Nexd8 18. g3 Bh6 19. a3 Ne6 20. b4 f5 21. Ned2 Kf7 22. Nb3 g6 23. Kf1 Bg7 24. Bxg7 Kxg7 25. Ke2 Kf6 26. h4 Ne5 27. Nxe5 Kxe5 28. Ke3 f4+ 29. gxf4+ Nxf4 30. Kf3 Ne6 31. Ke3 Ng7 32. Kf3 b6 33. Kg4 h6 34. c4 Ne6 35. f3 h5+ 36. Kg3 Ng7 37. c5 Nf5+ 38. Kh3 Kf4 39. cxb6 cxb6 40. Nd2 Nd4 41. Kg2 Nc2 42. Nc4 Ne1+ 43. Kh3 Nxf3 44. Nd6 a6 45. a4 Ne5 46. Nc8 Nc4 47. Ne7 g5 48. hxg5 Kxg5 49. Nd5 Kf5 50. Kh4 Ke4 51. Nc7 a5 52. bxa5 bxa5 53. Kxh5 Nb6 54. Nb5 Nxa4 55. Kg5 Kd5 56. Kf4 Kc5 57. Na3 Kb4 58. Nc2+ Kc3 59. Na3 Nc5 60. Ke3 a4 61. Nb1+ Kb2 62. Nd2 Kc2 63. Nc4 Kc3 64. Na3 Nb3 65. Ke4 Nd2+ 66. Kd5 Kb3 67. Nb5 Nc4 68. Kc5 Nb2 69. Nd4+ Ka2 70. Kb4 Kb1 71. Nb5 1/2-1/2

[Event "NRW-ch U14 Girls"]
[Site "Kranenburg"]
[Date "2009.04.13"]
[Round "1"]
[White "Rosenfeld, Elisabeth"]
[Black "Cabalar, Rana"]
[Result "1-0"]
[WhiteElo "1377"]
[BlackElo "1044"]
[PlyCount "89"]
[EventDate "2009.04.13"]
[EventType "swiss"]
[EventRounds "7"]
[EventCountry "GER"]
[SourceTitle "EXT 2010"]
[Source "ChessBase"]
[SourceDate "2010.11.25"]
[SourceVersion "1"]
[SourceVersionDate "2010.11.25"]
[SourceQuality "1"]

1. e4 e5 2. Nf3 Nc6 3. d4 f6 4. Bc4 d6 5. 0-0 Bg4 6. dxe5 Nxe5 7. Be2 Ne7 8. Nxe5 Bxe2 9. Qxe2 dxe5 10. Rd1 Qc8 11. Nc3 Ng6 12. Be3 Qe6 13. Qb5+ Qc6 14. Qxc6+ bxc6 15. Rd3 Bd6 16. Ne2 0-0 17. Rc3 Ne7 18. Bc5 Bxc5 19. Rxc5 Rfd8 20. f4 exf4 21. Nxf4 Rd4 22. Re1 Rb8 23. b3 Rb5 24. Ne6 Rd2 25. Rc4 Re5 26. Nd4 f5 27. Nf3 Rxg2+ 28. Kxg2 Re6 29. exf5 Rxe1 30. Nxe1 Nxf5 31. Rxc6 Ne3+ 32. Kf3 Nd5 33. Nd3 h5 34. Nf4 Nxf4 35. Kxf4 Kh7 36. Rxc7 a5 37. Kg5 h4 38. c4 h3 39. c5 a4 40. bxa4 Kg8 41. c6 Kh7 42. Rc8 g6 43. Rc7+ Kh8 44. Kxg6 Kg8 45. Rc8# 1-0

[Event "GER-ch U14 Girls"]
[Site "Willingen"]
[Date "2008.05.11"]
[Round "6"]
[White "Bruehan, Caren"]
[Black "Rosenfeld, Elisabeth"]
[Result "1/2-1/2"]
[WhiteElo "1221"]
[BlackElo "1372"]
[PlyCount "63"]
[EventDate "2008.05.11"]
[EventType "swiss"]
[EventRounds "9"]
[EventCountry "GER"]
[SourceTitle "CBM 124 Extra"]
[Source "ChessBase"]
[SourceDate "2008.07.03"]
[SourceVersion "1"]
[SourceVersionDate "2008.07.03"]
[SourceQuality "1"]

1. Nf3 d5 2. d4 Nf6 3. Bf4 c5 4. e3 Nc6 5. h3 e6 6. Nc3 Be7 7. Bb5 0-0 8. 0-0 a6 9. Bxc6 bxc6 10. Ne5 Bb7 11. Re1 cxd4 12. exd4 Nd7 13. Qg4 Nxe5 14. Bxe5 Bf6 15. Rad1 Bxe5 16. Rxe5 Kh8 17. Rd3 f5 18. Qh5 Rf6 19. Rg3 Qe8 20. Qg5 Rg6 21. Qe3 Rxg3 22. Qxg3 Bc8 23. Qf3 Qf8 24. Ne2 Qb4 25. Qc3 Rb8 26. Qxc6 h6 27. b3 Qe1+ 28. Kh2 Qxf2 29. Qd6 Ra8 30. Qc6 Rb8 31. Qd6 Ra8 32. Qc6 1/2-1/2

[Event "GER-chT Lands U20"]
[Site "Verden an der Aller"]
[Date "2007.09.30"]
[Round "3.8"]
[White "Rosenfeld, Elisabeth"]
[Black "Schaefer, Daniela"]
[Result "1-0"]
[WhiteElo "1491"]
[BlackElo "1569"]
[PlyCount "59"]
[EventDate "2007.09.29"]
[EventType "team-swiss"]
[EventRounds "7"]
[EventCountry "GER"]
[SourceTitle "CBM 120 Extra"]
[Source "ChessBase"]
[SourceDate "2007.11.01"]
[SourceVersion "1"]
[SourceVersionDate "2007.11.01"]
[SourceQuality "1"]
[WhiteTeam "Nordrhein Westfalen"]
[BlackTeam "Wuerttemberg"]
[WhiteTeamCountry "GER"]
[BlackTeamCountry "GER"]

1. e4 g6 2. d4 Bg7 3. Nc3 d6 4. Be3 Nf6 5. f3 0-0 6. Qd2 e5 7. Nge2 Nbd7 8. 0-0-0 Qe7 9. Bh6 c6 10. h4 Nh5 11. g4 Nf4 12. Bxg7 Nxe2+ 13. Bxe2 Kxg7 14. g5 f6 15. h5 fxg5 16. hxg6 Kxg6 17. Rdg1 h6 18. Nd1 Nf6 19. Ne3 Ng8 20. Bc4 Bd7 21. Bxg8 Rxg8 22. Nf5 Bxf5 23. exf5+ Kg7 24. dxe5 dxe5 25. f4 exf4 26. Re1 Qd8 27. Qc3+ Kf7 28. Rxh6 Rh8 29. Qb3+ Kg7 30. Qxb7+ 1-0

[Event "GER-ch U12"]
[Site "Willingen"]
[Date "2007.06.01"]
[Round "10"]
[White "Rosenfeld, Elisabeth"]
[Black "Galkin, Wladislaw"]
[Result "1-0"]
[WhiteElo "1207"]
[BlackElo "1675"]
[PlyCount "77"]
[EventDate "2007.05.26"]
[EventType "swiss"]
[EventRounds "11"]
[EventCountry "GER"]
[SourceTitle "CBM 118 Extra"]
[Source "ChessBase"]
[SourceDate "2007.07.04"]
[SourceVersion "1"]
[SourceVersionDate "2007.07.04"]
[SourceQuality "1"]

1. e4 c5 2. Nf3 d6 3. d4 cxd4 4. Nxd4 Nf6 5. Nc3 a6 6. Be3 e5 7. Nb3 b5 8. Bd3 Bb7 9. f3 Nbd7 10. 0-0 Rc8 11. Qd2 Be7 12. Rae1 0-0 13. Kh1 Nb6 14. Qe2 Nc4 15. Bxc4 Rxc4 16. Nd2 Rc6 17. a3 Qd7 18. Nb3 Rfc8 19. Rd1 Rd8 20. Rd2 Rcc8 21. Rfd1 Qe6 22. Qf2 h6 23. Qg3 Kh8 24. Qf2 d5 25. exd5 Nxd5 26. Nxd5 Rxd5 27. Rxd5 Bxd5 28. Nc5 Bxc5 29. Bxc5 Qc6 30. b4 Rd8 31. Qe3 Qf6 32. Qe2 Kh7 33. Rxd5 Rxd5 34. Qe4+ Kh8 35. Qxd5 e4 36. Qa8+ Kh7 37. Qxe4+ g6 38. Qd4 Qf5 39. Bf8 1-0

[Event "GER-ch U12"]
[Site "Willingen"]
[Date "2007.05.30"]
[Round "7"]
[White "Rosenfeld, Elisabeth"]
[Black "Pohl, Theresa"]
[Result "1-0"]
[WhiteElo "1207"]
[BlackElo "1482"]
[PlyCount "111"]
[EventDate "2007.05.26"]
[EventType "swiss"]
[EventRounds "11"]
[EventCountry "GER"]
[SourceTitle "CBM 118 Extra"]
[Source "ChessBase"]
[SourceDate "2007.07.04"]
[SourceVersion "1"]
[SourceVersionDate "2007.07.04"]
[SourceQuality "1"]

1. e4 Nc6 2. Nf3 e6 3. d4 d5 4. Nc3 Bb4 5. e5 Nge7 6. Qd2 0-0 7. Bd3 h6 8. h4 Nf5 9. Qf4 f6 10. a3 Ba5 11. Qg4 fxe5 12. Nxe5 Nxe5 13. dxe5 d4 14. b4 Bxb4 15. axb4 dxc3 16. Qg6 Qe8 17. Qg4 Bd7 18. Qc4 Bc6 19. 0-0 Qg6 20. f3 Bd5 21. Qxc3 Qg3 22. Qe1 Qxe1 23. Rxe1 Nxh4 24. Ba3 Nf5 25. c4 Bxf3 26. gxf3 Nd4 27. Be4 Nxf3+ 28. Bxf3 Rxf3 29. b5 Rc3 30. Re4 a6 31. Bc5 Rc2 32. Bf2 a5 33. c5 Rb2 34. b6 cxb6 35. cxb6 Rb5 36. Raa4 g6 37. Rac4 a4 38. Rxa4 Rxa4 39. Rxa4 Rxe5 40. Ra8+ Kf7 41. Rb8 Rb5 42. Rxb7+ Kf6 43. Rh7 h5 44. b7 Rb1+ 45. Kg2 Rb2 46. Kf3 Rb3+ 47. Ke4 g5 48. Ba7 Kg6 49. Rd7 Rb4+ 50. Ke5 g4 51. b8Q Rxb8 52. Bxb8 g3 53. Kxe6 g2 54. Ba7 h4 55. Rd5 h3 56. Bg1 1-0

[Event "GER-ch U12"]
[Site "Willingen"]
[Date "2007.05.28"]
[Round "5"]
[White "Rosenfeld, Elisabeth"]
[Black "Kostre, Margarita"]
[Result "1-0"]
[WhiteElo "1207"]
[BlackElo "1574"]
[PlyCount "37"]
[EventDate "2007.05.26"]
[EventType "swiss"]
[EventRounds "11"]
[EventCountry "GER"]
[SourceTitle "CBM 118 Extra"]
[Source "ChessBase"]
[SourceDate "2007.07.04"]
[SourceVersion "1"]
[SourceVersionDate "2007.07.04"]
[SourceQuality "1"]

1. e4 e5 2. Nf3 Nc6 3. d4 exd4 4. Nxd4 Nf6 5. Nxc6 bxc6 6. Bd3 Bc5 7. Bg5 d6 8. 0-0 h6 9. Bh4 Qe7 10. Nc3 Rb8 11. Na4 Bb6 12. Nxb6 cxb6 13. Qd2 Be6 14. Rae1 Rc8 15. f4 Nxe4 16. Rxe4 Qxh4 17. f5 Qe7 18. fxe6 fxe6 19. Rxe6 1-0